Loading...
| Current Events | 4 | 17.50 | 100% | 25% | 50% |
| Fine Arts - Classical Music | 3 | 20.00 | 100% | 100% | 0% |
| Fine Arts - Other Fine Arts | 6 | 20.00 | 100% | 50% | 50% |
| Geography | 1 | 10.00 | 100% | 0% | 0% |
| History - American History | 5 | 22.00 | 100% | 80% | 40% |
| History - European History | 4 | 20.00 | 100% | 75% | 25% |
| History - Other History | 5 | 12.00 | 100% | 20% | 0% |
| History - World History | 4 | 22.50 | 100% | 100% | 25% |
| Literature - American Literature | 4 | 20.00 | 100% | 75% | 25% |
| Literature - British Literature | 5 | 20.00 | 100% | 80% | 20% |
| Literature - European Literature | 4 | 22.50 | 100% | 100% | 25% |
| Literature - World Literature | 3 | 13.33 | 100% | 33% | 0% |
| Mythology | 4 | 25.00 | 100% | 75% | 75% |
| Painting/Sculpture | 5 | 16.00 | 100% | 40% | 20% |
| Philosophy | 3 | 16.67 | 100% | 67% | 0% |
| Pop Culture | 3 | 13.33 | 67% | 33% | 33% |
| Popular Culture | 1 | 10.00 | 100% | 0% | 0% |
| Religion | 5 | 14.00 | 80% | 60% | 0% |
| Science - Biology | 4 | 17.50 | 100% | 75% | 0% |
| Science - Chemistry | 2 | 10.00 | 100% | 0% | 0% |
| Science - Other Science | 3 | 16.67 | 100% | 67% | 0% |
| Science - Physics | 5 | 12.00 | 100% | 20% | 0% |
| Social Science | 6 | 20.00 | 100% | 67% | 33% |